000 00832nam a2200181Ia 4500
008 100921s9999 xx 000 0 und d
082 _b9301
_a080 थ 62
100 _aगुणाजी नारायण वासुदेव.
245 _aस्वामी रामतीर्थ समग्र ग्रंथ 1.
260 _bमहाराष्ट्र प्रकाशन गृह, कोल्हापूर.
_c1962
300 _a178
_b---
365 _b4
520 _aसं.साहित्य,मुुुलाखती.
630 _aस्वामी रामतीर्थ समग्र ग्रंथ 1.
650 _aसं.साहित्य,मुुुलाखती.
730 _aस्वामी रामतीर्थ समग्र ग्रंथ 1.
942 _cBOOK
999 _c758414
_d758411